Cẩm nang tu đạo lược thuật hành trạng

Salvato in:
Dettagli Bibliografici
Autore principale: Quảng Khâm
Natura: Libro
Lingua:Undetermined
Pubblicazione: Hà Nội Tôn Giáo 2004
Soggetti:
Tags: Aggiungi Tag
Nessun Tag, puoi essere il primo ad aggiungerne! !
Thư viện lưu trữ: Trung tâm Học liệu Trường Đại học Cần Thơ
LEADER 00567nam a2200205Ia 4500
001 CTU_92645
008 210402s9999 xx 000 0 und d
020 |c 29000 
082 |a 294.3092 
082 |b Qu106 
100 |a Quảng Khâm 
245 0 |a Cẩm nang tu đạo lược thuật hành trạng 
245 0 |c Quảng Khâm 
260 |a Hà Nội 
260 |b Tôn Giáo 
260 |c 2004 
650 |a Buddhists,Quang Kham 
650 |x Biography,Biography 
904 |i Mai Loan 
980 |a Trung tâm Học liệu Trường Đại học Cần Thơ